| 000 | 01003 a2200265 4500 | ||
|---|---|---|---|
| 003 | OSt | ||
| 005 | 20230425105845.0 | ||
| 008 | 220905b2020 mx |||f |||| 001 0 spa d | ||
| 020 | _a9788491110835 | ||
| 040 | _cCHAP | ||
| 082 | 0 | 0 |
_a582.1673 _bW84y 2020 _222 |
| 100 | 1 |
_9186767 _aWohlleben, Peter |
|
| 245 | 1 | 3 |
_aLa vida secreta de los árboles descubre su mundo oculto: _bqué sienten, qué comunican / _cpor Peter Wohlleben; traducción Margarita Gutiérrez |
| 250 | _aDecimasegunda edición | ||
| 264 |
_aEspaña: _bObelisco, _c2020. |
||
| 300 |
_a219 páginas: _bSin ilustraciones. |
||
| 490 | 1 | _aColección espiritualidad y vida interior. | |
| 504 | _aIncluye índice y bibliografía | ||
| 534 |
_pTítulo original: _tDas Geheinme Leben del Bäume |
||
| 650 | 4 |
_935176 _aEcología forestal |
|
| 650 | 4 |
_96599 _aArboles _xFisiología y morfología |
|
| 700 |
_9186784 _aGutiérrez, Margarita _eTraductora |
||
| 830 | 0 |
_9186768 _aColección espiritualidad y vida interior. |
|
| 942 |
_2ddc _cLIBRO |
||
| 999 |
_c217636 _d217636 |
||